000 00536nam a22001937a 4500
003 KOHA_MİRAKIL
005 20251021154147.0
008 251021b tu ||||| |||| 00| 0 tur d
020 _a9786052602423
040 _aTR-AnABB
_btur
_cTR-AnABB
041 _atur
082 _a813.42
_bKES 2020
100 1 _aKeskin, Turgay,
245 1 0 _aAz adamla yakalandık /
_cTurgay Keskin
260 _aİstanbul :
_bNotaBene Yayınları,
_c2020
300 _a160 sayfa ;
_c20 cm
650 0 4 _aTürk edebiyatı, roman
942 _2ddc
_cBK
999 _c9165
_d9165
900 _bGizem YORULMAZ